Equipos con 0 DESCENSO - Estadísticas

Estadísticas generales
  • Esta prueba ha sido intentada 31 veces
  • La puntuación promedio es 23 de 35
Estadísticas de respuestas
País Equipo % Correcto
España Barcelona
100%
Alemania Bayern Munich
100%
Portugal Benfica
100%
Argentina Boca Juniors
100%
Países Bajos Ajax
96%
Italia Inter de Milán
96%
España Real Madrid
96%
México América
93%
Reino Unido (Escocia) Celtic
93%
Portugal Porto
93%
Francia PSG
93%
España Athletic Club
89%
Países Bajos Feyenoord
89%
Países Bajos PSV Eindhoven
89%
Brasil Flamengo
85%
Uruguay Nacional
85%
Uruguay Peñarol
85%
México Chivas de Guadalajara
74%
Chile Colo-Colo
70%
Alemania Bayer Leverkusen
67%
Colombia Atletico Nacional
63%
Portugal Sporting Lisboa
56%
México Pumas
48%
Brasil São Paulo
48%
Venezuela Caracas FC.
44%
Paraguay Cerro Porteño
44%
Paraguay Olimpia
44%
Perú Universitario de Deportes
37%
México Cruz Azul
33%
México Toluca
30%
Colombia Millonarios
22%
Paraguay Guaraní
19%
México Santos Laguna
19%
Colombia Independiente de Santa Fé
11%
Venezuela Deportivo Táchira
7%
No se encontraron pruebas coincidentes
Distribución de puntuación
Porcentaje de gente con cada puntuación
Porcentaje por número respondido
Historial de tus puntuaciones
No has intentado esta prueba.